[Event "AUTO-INT-894"]
[Site "http://www.queenalice.com/game.php?id=515731"]
[Date "2009.1.1"]
[Round "2"]
[White "Puman"]
[Black "Maffu"]
[Result "1/2-1/2"]
[WhiteElo "1888"]
[BlackElo "1870"]

1. d4 Nf6 2. Bf4 g6 3. Nf3 Bg7 4. e3 d6 5. Bd3 Nh5 6. Bg3 Nxg3 7. hxg3 Bg4 8.
Nbd2 Nd7 9. c3 c5 10. Qc2 Qb6 11. Rb1 O-O 12. O-O Rac8 13. Nh2 Be6 14. a3 cxd4
15. exd4 Bxd4 16. Ndf3 Bg7 17. Qd2 Nc5 18. Nd4 Bd5 19. Rfe1 e5 20. Ndf3 Rfe8 21.
Bc2 Bb3 22. Bxb3 Nxb3 23. Qc2 Rcd8 24. Nd2 Nxd2 25. Qxd2 d5 26. Nf3 h6 27. Re2
e4 28. Nd4 a6 29. Rbe1 h5 30. Kf1 Kh7 31. Qe3 Bh6 32. f4 Qf6 33. Rf2 g5 34. fxg5
Qxg5 35. Qxg5 Bxg5 36. Rxf7+ Kg8 37. Rxb7 Rb8 38. Rxb8 Rxb8 39. Re2 Kf7 40. Rf2+
Kg6 41. Re2 h4 42. gxh4 Bxh4 43. Rc2 Bf6 44. Nc6 Rf8 45. Ke2 Rc8 46. Nb4 a5 47.
Nxd5 Bg5 48. Ne3 Rf8 49. Nc4 a4 50. Nb6 Bh4 51. Kd1 Rf1+ 52. Ke2 1/2-1/2

[Event "Challenge"]
[Site "http://www.queenalice.com/game.php?id=530691"]
[Date "2009.1.28"]
[Round "-"]
[White "ORNELAS"]
[Black "Puman"]
[Result "1-0"]
[WhiteElo "1492"]
[BlackElo "1895"]

1. d4 d5 2. e3 c6 3. b4 Nf6 4. g3 Bg4 5. Qd2 e6 6. Bg2 Be7 7. a3 O-O 8. Nf3 Nbd7
9. Ne5 Nxe5 10. O-O Bf3 11. dxe5 Bxg2 12. Kxg2 Ne4 13. Qe1 Qc7 14. Bb2 f6 15.
Nd2 Nxd2 16. Qxd2 fxe5 17. Bc3 e4 18. f4 Bf6 19. Bd4 b6 20. Qc3 c5 21. bxc5 bxc5
22. Bxf6 Rxf6 23. Qd2 Rb8 24. Rab1 Rff8 25. c3 Qa5 26. Qc2 Rb6 27. Ra1 Rfb8 28.
Rfb1 Rxb1 29. Rxb1 Rxb1 30. Qxb1 Qxa3 31. Qb8+ Kf7 32. Qb7+ Kf6 33. Qc8 Qxc3 34.
Qf8+ Kg6 35. Qe8+ Kf6 36. Qd8+ Kg6 37. h4 Qd2+ 38. Kh1 a5 39. Qe8+ Kf6 40. Qf8+
Kg6 41. h5+ Kh6 42. Qe7 Qd1+ 43. Kg2 Qf3+ 44. Kh2 Qxh5+ 45. Kg2 Qe2+ 46. Kh3
Qxe3 47. Qg5# 1-0

[Event "Challenge"]
[Site "http://www.queenalice.com/game.php?id=543354"]
[Date "2009.2.20"]
[Round "-"]
[White "Puman"]
[Black "MarcD"]
[Result "0-1"]
[WhiteElo "1926"]
[BlackElo "2154"]

1. Nf3 d5 2. g3 Nf6 3. Bg2 Bf5 4. O-O e6 5. a3 Bd6 6. d3 O-O 7. Nbd2 c6 8. Re1
Bg6 9. e4 dxe4 10. dxe4 e5 11. Nh4 Nbd7 12. Nxg6 hxg6 13. Nf3 Bc7 14. Bg5 Qe7
15. Re2 Rad8 16. Nd2 Nc5 17. Qe1 Rd7 18. Rd1 Rfd8 19. b4 Ne6 20. Be3 a6 21. Qf1
Nd4 22. Bxd4 Rxd4 23. c3 Rd3 24. Qe1 Rxc3 25. Re3 Rcd3 26. Rxd3 Rxd3 27. Nc4 Qd8
28. Rxd3 Qxd3 29. Qc1 Nxe4 30. Bxe4 Qxe4 31. Ne3 Bb6 32. Qd2 Bxe3 33. Qxe3 Qxe3
34. fxe3 f5 35. Kf2 Kf7 0-1

[Event "Challenge"]
[Site "http://www.queenalice.com/game.php?id=543355"]
[Date "2009.2.20"]
[Round "-"]
[White "MarcD"]
[Black "Puman"]
[Result "1/2-1/2"]
[WhiteElo "2158"]
[BlackElo "1916"]

1. d4 d5 2. Nf3 Nf6 3. Bf4 e6 4. e3 c5 5. c3 Nc6 6. Bd3 Be7 7. Nbd2 O-O 8. h3 a6
9. O-O b5 10. Ne5 Nxe5 11. Bxe5 c4 12. Bc2 a5 13. Qf3 Bb7 14. Rfe1 h6 15. e4
dxe4 16. Nxe4 Nxe4 17. Bxe4 Bxe4 18. Qxe4 Qd7 19. Qg4 f6 20. Bh2 Ra6 21. Re2 Qd5
22. Rae1 Kf7 23. Qe4 Qxe4 24. Rxe4 Re8 25. f4 f5 26. Re5 Rb6 27. g4 g6 28. Kg2
Bd6 29. R5e2 Rbb8 30. Kf3 Rb7 31. d5 Rbe7 32. dxe6+ Rxe6 33. Rxe6 Rxe6 34. Rxe6
Kxe6 35. Bg1 h5 36. Bb6 a4 37. a3 Be7 38. g5 1/2-1/2

[Event "Challenge"]
[Site "http://www.queenalice.com/game.php?id=572394"]
[Date "2009.4.15"]
[Round "-"]
[White "koutouzov"]
[Black "Puman"]
[Result "1-0"]
[WhiteElo "1889"]
[BlackElo "1920"]

1. d4 d5 2. Nf3 Nf6 3. Bf4 Bf5 4. e3 e6 5. Be2 Be7 6. O-O O-O 7. a3 Nbd7 8. c4
c6 9. c5 Nh5 10. Qb3 Nxf4 11. exf4 Rb8 12. Nc3 h6 13. Rfe1 Nf6 14. Nh4 Bh7 15.
Qa4 Qc7 16. g3 a6 17. b4 Ne4 18. Nxe4 Bxe4 19. f3 Bh7 20. Ng2 Bf6 21. Rad1 Rfc8
22. Bd3 Bxd4+ 23. Kh1 Bxd3 24. Rxd3 Bf6 25. Ne3 h5 26. Red1 h4 27. Ng4 Be7 28.
Qc2 hxg3 29. hxg3 g6 30. Qh2 Bf8 31. Kg2 Bg7 32. Rh1 f5 33. Qh7+ Kf7 34. Ne5+
Qxe5 35. fxe5 Rh8 36. Qxh8 Bxh8 37. f4 Bg7 38. Kf3 Rh8 39. Rxh8 Bxh8 40. g4 Bg7
41. g5 Kg8 42. a4 Kf7 43. Rb3 Bf8 44. b5 axb5 45. axb5 Bxc5 46. bxc6 bxc6 47.
Rc3 Bf8 48. Rxc6 Ba3 49. Rc7+ Be7 50. Ke3 Ke8 51. Rc2 Kf7 52. Kd4 Kg7 53. Kd3
Kg8 54. Rc8+ Kf7 55. Kc3 Ba3 56. Kb3 Be7 57. Ka4 Bf8 58. Kb5 Ba3 59. Rc7+ Be7
60. Kc6 Ke8 61. Rc8+ Kf7 62. Kd7 1-0

[Event "Challenge"]
[Site "http://www.queenalice.com/game.php?id=572395"]
[Date "2009.4.15"]
[Round "-"]
[White "Puman"]
[Black "koutouzov"]
[Result "1/2-1/2"]
[WhiteElo "1919"]
[BlackElo "1855"]

1. d4 d6 2. Bf4 Bf5 3. Nf3 Nc6 4. c3 e6 5. e3 Be7 6. Bd3 Nf6 7. h3 Bxd3 8. Qxd3
O-O 9. O-O Nd5 10. Bh2 Bf6 11. Nbd2 a6 12. Rfe1 Re8 13. e4 Nb6 14. Rab1 Qe7 15.
e5 dxe5 16. Nxe5 Bxe5 17. Bxe5 Nxe5 18. Rxe5 Nd7 19. Ree1 Rad8 20. Nf3 Nb6 21.
Ne5 f6 22. Nc4 Nxc4 23. Qxc4 Qd6 24. Re2 b5 25. Qd3 c5 26. Rbe1 cxd4 27. Qxd4
Qxd4 28. cxd4 Rxd4 1/2-1/2

[Event "Challenge"]
[Site "http://www.queenalice.com/game.php?id=645807"]
[Date "2009.9.2"]
[Round "-"]
[White "Puman"]
[Black "MarcD"]
[Result "0-1"]
[WhiteElo "1926"]
[BlackElo "2173"]

1. g3 d5 2. Bg2 Nf6 3. Nf3 Bf5 4. O-O e6 5. a3 Bd6 6. b4 c6 7. Bb2 Nbd7 8. d3
Bc7 9. Nbd2 O-O 10. Ra2 h6 11. c4 Re8 12. Qa1 a6 13. Rc1 Rc8 14. cxd5 exd5 15.
Kf1 Qe7 16. Re1 Qd6 17. Nd4 Bh7 18. N4b3 Bb6 19. Nf3 Re7 20. Rc1 Rce8 21. Bd4
Bxd4 22. Nbxd4 Ng4 23. Rcc2 Nge5 24. Nxe5 Nxe5 25. Qc1 Qf6 26. Nf3 Nd7 27. Ng1
Ne5 28. Nf3 Nxf3 29. Bxf3 Bxd3 30. Rd2 Qxf3 0-1

[Event "Challenge"]
[Site "http://www.queenalice.com/game.php?id=645808"]
[Date "2009.9.2"]
[Round "-"]
[White "MarcD"]
[Black "Puman"]
[Result "1-0"]
[WhiteElo "2154"]
[BlackElo "1933"]

1. d4 b6 2. Nf3 Bb7 3. Bf4 g6 4. e3 Bg7 5. c3 Nf6 6. Be2 O-O 7. Nbd2 c5 8. h3 d6
9. O-O Nbd7 10. Bh2 Rb8 11. Rc1 cxd4 12. exd4 Re8 13. Re1 Nd5 14. Bb5 a6 15.
Bxd7 Qxd7 16. Qc2 Nf6 17. Re2 Qb5 18. Rce1 Qd7 19. a3 Kf8 20. Qd3 Rbc8 21. Bg3
Rc7 22. Bh4 Qc8 23. Bxf6 Bxf6 24. Ne4 Bg7 25. Nxd6 exd6 26. Rxe8+ Qxe8 27. Rxe8+
Kxe8 28. Ng5 h5 29. Ne4 Bxe4 30. Qxe4+ Kd7 31. Qa8 a5 32. Qg8 1-0

[Event "AUTO-OPEN-1225"]
[Site "http://www.queenalice.com/game.php?id=652755"]
[Date "2009.9.15"]
[Round "3"]
[White "QQ123"]
[Black "Puman"]
[Result "1-0"]
[WhiteElo "2344"]
[BlackElo "1936"]

1. e4 c5 2. Nf3 Nc6 3. d4 cxd4 4. c3 g6 5. cxd4 Bg7 6. Nc3 d6 7. h3 Nf6 8. d5
Nb8 9. Be2 O-O 10. O-O Nbd7 11. Be3 b6 12. Nd4 Nc5 13. Qc2 Bb7 14. b4 Na6 15.
Qb3 Nd7 16. a4 Rc8 17. a5 bxa5 18. Rxa5 Ndb8 19. Rfa1 Qb6 20. Ncb5 1-0

[Event "AUTO-OPEN-1225"]
[Site "http://www.queenalice.com/game.php?id=652756"]
[Date "2009.9.15"]
[Round "3"]
[White "Puman"]
[Black "QQ123"]
[Result "0-1"]
[WhiteElo "1938"]
[BlackElo "2343"]

1. d4 Nf6 2. Bf4 c5 3. e3 Qb6 4. Qc1 cxd4 5. exd4 Qxd4 6. Nf3 Qb6 7. Bd3 Nc6 8.
Nc3 g6 9. O-O Bg7 10. Re1 O-O 11. Rb1 d6 12. Ne2 e5 13. Be3 Qd8 14. Nd2 Be6 15.
b3 Ng4 16. Nf1 Nxe3 17. Nxe3 d5 18. c4 e4 19. Bc2 d4 0-1

[Event "AUTO-OPEN-1225"]
[Site "http://www.queenalice.com/game.php?id=652757"]
[Date "2009.9.15"]
[Round "3"]
[White "tomklinger"]
[Black "Puman"]
[Result "1-0"]
[WhiteElo "2053"]
[BlackElo "1934"]

1. e4 c5 2. c4 Nc6 3. g3 g6 4. Bg2 Bg7 5. Nc3 Nf6 6. Nge2 b6 7. O-O O-O 8. a3
Bb7 9. d3 d6 10. Nf4 Nd4 11. Be3 Nd7 12. Rc1 Rb8 13. b4 Nf6 14. bxc5 dxc5 15.
Nb5 Nxb5 16. cxb5 Nd7 17. a4 Ne5 18. d4 cxd4 19. Bd2 Nd7 20. Bb4 Re8 21. Ne2 Nf6
22. Qd3 e5 23. f3 Rc8 24. Rxc8 Qxc8 25. Bd2 Re7 26. Rc1 Rc7 27. f4 exf4 28. Bxf4
Rxc1+ 29. Bxc1 Qg4 30. Nxd4 Bxe4 31. Bxe4 Nxe4 32. Nc6 Nc5 33. Ne7+ Kf8 34. Qd8#
1-0

[Event "AUTO-OPEN-1225"]
[Site "http://www.queenalice.com/game.php?id=652758"]
[Date "2009.9.15"]
[Round "3"]
[White "Puman"]
[Black "tomklinger"]
[Result "0-1"]
[WhiteElo "1951"]
[BlackElo "2022"]

1. d4 Nf6 2. Bf4 d5 3. e3 e6 4. Nf3 c5 5. c3 Nc6 6. Bb5 Bd7 7. Nbd2 Be7 8. h3
cxd4 9. exd4 O-O 10. O-O a6 11. Ba4 b5 12. Bc2 Ne8 13. Qb1 f5 14. Ne5 Nxe5 15.
Bxe5 Bf6 16. Nf3 Bxe5 17. Nxe5 Nf6 18. f3 Nh5 19. Kh2 Be8 20. Re1 Qg5 21. g4
Qf4+ 0-1

[Event "Challenge"]
[Site "http://www.queenalice.com/game.php?id=653781"]
[Date "2009.9.17"]
[Round "-"]
[White "Puman"]
[Black "thedead"]
[Result "1-0"]
[WhiteElo "1923"]
[BlackElo "1518"]

1. d4 d5 2. Bf4 e6 3. Nf3 Nf6 4. e3 c5 5. c3 Nc6 6. Bd3 Be7 7. h3 h6 8. O-O O-O
9. Nbd2 Qb6 10. Rb1 Nd7 11. dxc5 Bxc5 12. Nb3 f6 13. Nxc5 Nxc5 14. Bc2 Bd7 15.
Nd4 e5 16. Nxc6 Bxc6 17. Bh2 Rad8 18. Qh5 Be8 19. Qe2 Bb5 20. Qh5 Bxf1 21. Kxf1
Qb5+ 22. Kg1 Ne6 23. Qg6 Rf7 24. Qg4 Nc5 25. Bg3 Rdd7 26. b4 Na4 27. Qf5 Nxc3
28. Rb3 Ne2+ 29. Kh2 Rc7 30. Bd3 Nxg3 31. Kxg3 Qd7 32. Qh7+ Kf8 33. Bg6 Qa4 34.
Bxf7 Kxf7 35. Qb1 b5 36. Qb2 Qa6 37. a3 Qd6 38. Kf3 a6 39. Rc3 Rd7 40. Qc2 e4+
41. Ke2 f5 42. g3 g5 43. Rc6 Qe7 44. Rxh6 Kg7 45. Rxa6 d4 46. exd4 Rxd4 47. Qc6
Kf8 48. Qf6+ 1-0

[Event "Challenge #01"]
[Site "http://www.queenalice.com/game.php?id=664983"]
[Date "2009.10.9"]
[Round "-"]
[White "Aylton"]
[Black "Puman"]
[Result "1-0"]
[WhiteElo "2028"]
[BlackElo "1946"]

1. d4 d5 2. Nf3 Bg4 3. e3 Nf6 4. h3 Bxf3 5. Qxf3 e6 6. c4 c6 7. a3 Be7 8. Nc3
O-O 9. cxd5 cxd5 10. Bd3 Nc6 11. O-O a6 12. b4 b5 13. Bb2 h6 14. Rfc1 Rc8 15.
Nxb5 axb5 16. Bxb5 Na7 17. Bf1 Qd7 18. Rcb1 Ne4 19. Qd1 Nb5 20. Rc1 Rxc1 21.
Qxc1 Rc8 22. Qe1 Bd8 23. a4 Nbc3 24. Bxc3 Nxc3 25. b5 Ba5 26. Kh1 Qc7 27. Rc1
Qb6 28. Qd2 Rc7 29. Ra1 Nxa4 30. Qa2 Bc3 31. Qxa4 Bxa1 32. Qxa1 Ra7 33. Qb1 Ra5
34. Kh2 Qc7+ 35. g3 g6 36. Kg2 Kg7 37. h4 h5 38. Bd3 Qb7 39. Kf3 Qb6 40. Qb4 Ra7
41. Qc5 Qxc5 42. dxc5 Ra3 43. Bf1 Rc3 44. b6 Rxc5 45. b7 Rc1 46. Bb5 1-0

[Event "Challenge #02"]
[Site "http://www.queenalice.com/game.php?id=664984"]
[Date "2009.10.9"]
[Round "-"]
[White "Puman"]
[Black "Aylton"]
[Result "1-0"]
[WhiteElo "1925"]
[BlackElo "2045"]

1. Nf3 d5 2. g3 Nf6 3. Bg2 e6 4. O-O c5 5. a3 Nc6 6. b3 Be7 7. Bb2 O-O 8. Ra2 h6
9. d3 b6 10. Nbd2 Bb7 11. c4 dxc4 12. Nxc4 Qc7 13. Nfe5 Nxe5 14. Bxb7 Qxb7 15.
Bxe5 Rfd8 16. Qd2 Rac8 17. Qf4 Qc6 18. Rfa1 a6 19. b4 cxb4 20. axb4 a5 21. bxa5
bxa5 22. Rxa5 Nd5 23. Qg4 f6 24. Bf4 Kf7 25. Ra6 Qd7 26. Ra7 Nc7 27. Nb6 Qd4 28.
Nxc8 Rxc8 29. Qh5+ Kf8 30. Bxc7 Rxc7 31. Rxc7 Qxa1+ 32. Kg2 Qd4 33. Rc8+ Bd8 34.
Qc5+ Qxc5 35. Rxc5 Ke7 36. Kf3 e5 37. Rb5 Ke6 38. Rb7 g6 39. Ra7 h5 40. Ra6+ Kf5
41. h4 g5 42. hxg5 Kxg5 43. Ra8 Bb6 44. Rg8+ Kf5 45. e4+ Ke6 46. Rh8 1-0

[Event "Challenge"]
[Site "http://www.queenalice.com/game.php?id=705591"]
[Date "2009.12.29"]
[Round "-"]
[White "Puman"]
[Black "MarcD"]
[Result "0-1"]
[WhiteElo "1903"]
[BlackElo "2170"]

1. Nf3 d5 2. d3 Nf6 3. c4 c6 4. b3 Bf5 5. Bb2 e6 6. Nbd2 Nbd7 7. g3 Bd6 8. Bg2
h6 9. Qc2 Bh7 10. O-O O-O 11. Rfc1 Rc8 12. a3 Re8 13. e4 dxe4 14. dxe4 Qc7 15.
Nh4 Be5 16. Bxe5 Nxe5 17. Qc3 Red8 18. f4 Nd3 19. Rd1 Qb6+ 0-1

[Event "Challenge"]
[Site "http://www.queenalice.com/game.php?id=705592"]
[Date "2009.12.29"]
[Round "-"]
[White "MarcD"]
[Black "Puman"]
[Result "1-0"]
[WhiteElo "2174"]
[BlackElo "1898"]

1. d4 d5 2. Nf3 Nc6 3. Bf4 Bg4 4. Ne5 Nf6 5. h3 Bd7 6. e3 Bf5 7. c3 e6 8. Bd3
Bxd3 9. Qxd3 Nxe5 10. Bxe5 Bd6 11. Bxf6 Qxf6 12. Nd2 c6 13. O-O O-O 14. e4 Qg6
15. Qf3 dxe4 16. Nxe4 Be7 17. Rfe1 Rad8 18. a3 b6 19. Re2 Rd7 20. Rae1 Rfd8 21.
Qg3 Qxg3 22. Nxg3 1-0

[Event "Challenge"]
[Site "http://www.queenalice.com/game.php?id=753668"]
[Date "2010.3.29"]
[Round "-"]
[White "Puman"]
[Black "MarcD"]
[Result "0-1"]
[WhiteElo "1906"]
[BlackElo "2131"]

1. Nf3 d5 2. c4 c6 3. b3 Nf6 4. Bb2 Bf5 5. d3 e6 6. Nbd2 Be7 7. g3 Nbd7 8. Rc1
h6 9. Bg2 Rc8 10. O-O O-O 11. Rc2 Bh7 12. Qa1 Re8 13. Rfc1 a6 14. cxd5 exd5 15.
Nd4 Bc5 16. Rxc5 Nxc5 17. Rxc5 Qe7 18. Rc1 c5 19. N4f3 Ng4 20. h3 Nxf2 21. Bxg7
Qe3 22. Bd4 cxd4 23. Rxc8 Rxc8 24. Qxd4 Qxd4 25. Nxd4 Nd1 26. Bxd5 Rd8 27. e4
Nc3 28. a3 Nxd5 29. exd5 Rxd5 30. N4f3 Rxd3 31. Kf2 Kf8 32. Ke2 Rc3 33. Kf2 Ke7
34. a4 f6 35. h4 Bc2 36. Nd4 Rd3 37. N2f3 Rc3 38. Nxc2 Rxc2+ 39. Kf1 Rc3 40. Nd4
Rc5 41. Ke2 h5 42. Kd3 Rd5 43. Ke4 Re5+ 0-1

[Event "Challenge"]
[Site "http://www.queenalice.com/game.php?id=753669"]
[Date "2010.3.29"]
[Round "-"]
[White "MarcD"]
[Black "Puman"]
[Result "1/2-1/2"]
[WhiteElo "2126"]
[BlackElo "1897"]

1. d4 d5 2. Nf3 Nc6 3. Bf4 Nf6 4. e3 Bg4 5. Be2 Bxf3 6. Bxf3 e6 7. Nd2 Be7 8. h3
h6 9. c3 O-O 10. O-O Bd6 11. Bxd6 Qxd6 12. Re1 Rfe8 13. e4 dxe4 14. Nxe4 Nxe4
15. Bxe4 Rad8 16. Qf3 Na5 17. Bd3 Qd5 18. Qxd5 exd5 19. Kf1 Nc6 20. Bb5 Re7 21.
Bxc6 Rxe1+ 22. Rxe1 bxc6 23. f3 Kf8 24. Kf2 Rb8 25. Re2 a5 26. Ke1 Re8 27. Rxe8+
Kxe8 28. a4 Ke7 29. b4 axb4 30. cxb4 Kd7 31. Kd2 Kc8 32. f4 g6 33. g4 f6 34. h4
Kb7 35. Kc3 Kb6 36. Kb3 Ka6 37. Kc3 1/2-1/2